000 00687nam a22002537a 4500
001 0074
003 DO-SdBNP
005 20171212120652.0
007 0074
008 151027b sp 1966 xxu||||| |||| 00| 0 spa d
040 _aBPMSU
_bspa
_cBPMSU
092 _axxxxxxx
_bxxxxxxx
100 1 0 _aTwain, Mark
245 1 0 _aAventuras de Tom Sawyer /
_6Mark Twain
260 _aEspaña :
_bBruguera,
_c1966.
300 _a253 p. :
_bil.,
_c20 cm.
490 1 0 _aHistorias selección
490 1 0 _aClásicos juveniles
_v8
830 0 0 _aHistorias selección
830 0 0 _aClásicos juveniles
_n8
942 _2ddc
_cBK
945 _aInventariado extranjero 2017 / YL
956 _aBrenda Tavárez
999 _c8479
_d8479